[Event "MDA-ch"]
[Site "Kishinev"]
[Date "2020.02.05"]
[Round "8"]
[White "Morozov, Nichita"]
[Black "Iordachescu, Viorel"]
[Result "1/2-1/2"]
[WhiteElo "2388"]
[BlackElo "2602"]
[PlyCount "45"]
[EventDate "2020.01.29"]
[EventType "tourn"]
[EventRounds "9"]
[EventCountry "MDA"]
[EventCategory "8"]
[SourceTitle "CBM 195 Extra"]
[Source "ChessBase"]
[SourceDate "2020.05.31"]
[SourceVersion "1"]
[SourceVersionDate "2020.05.31"]
[SourceQuality "1"]

1. d4 Nf6 2. c4 g6 3. Nc3 d5 4. h4 c6 5. cxd5 cxd5 6. Nf3 Nc6 7. Bf4 Bg7 8. e3 0-0 9. Be2 Bg4 10. Ne5 Bxe2 11. Qxe2 Rc8 12. Nxc6 bxc6 13. Be5 c5 14. Rd1 cxd4 15. Bxd4 e6 16. 0-0 Qa5 17. Qf3 Qd8 18. e4 Nxe4 19. Bxg7 Kxg7 20. Nxe4 dxe4 21. Qxe4 Qf6 22. b4 Rfd8 23. g3 1/2-1/2

[Event "MDA-ch"]
[Site "Kishinev"]
[Date "2020.02.04"]
[Round "7"]
[White "Baltag, Iulian"]
[Black "Morozov, Nichita"]
[Result "0-1"]
[WhiteElo "2378"]
[BlackElo "2388"]
[PlyCount "66"]
[EventDate "2020.01.29"]
[EventType "tourn"]
[EventRounds "9"]
[EventCountry "MDA"]
[EventCategory "8"]
[SourceTitle "CBM 195 Extra"]
[Source "ChessBase"]
[SourceDate "2020.05.31"]
[SourceVersion "1"]
[SourceVersionDate "2020.05.31"]
[SourceQuality "1"]

1. d4 g6 2. c4 Bg7 3. e4 e6 4. Nc3 Ne7 5. f4 d5 6. e5 Nbc6 7. Nf3 0-0 8. Be3 b6 9. cxd5 Nxd5 10. Nxd5 Qxd5 11. Rc1 Bb7 12. Bc4 Qd7 13. a3 Ne7 14. 0-0 Nf5 15. Bf2 Rfd8 16. Be2 Rac8 17. b4 Bh6 18. g3 Bf8 19. g4 Bxf3 20. gxf5 Ba8 21. Bh4 Be7 22. f6 Bf8 23. Bf3 Bxf3 24. Qxf3 Qxd4+ 25. Bf2 Qb2 26. Rc6 Qd2 27. Rc3 Bh6 28. Bg3 c5 29. bxc5 Rxc5 30. Rfc1 Bf8 31. a4 Rdc8 32. Be1 Qxc1 33. Rxc1 Rxc1 0-1

[Event "MDA-ch"]
[Site "Kishinev"]
[Date "2020.01.30"]
[Round "2"]
[White "Soltanici, Ruslan"]
[Black "Morozov, Nichita"]
[Result "1/2-1/2"]
[WhiteElo "2409"]
[BlackElo "2388"]
[PlyCount "22"]
[EventDate "2020.01.29"]
[EventType "tourn"]
[EventRounds "9"]
[EventCountry "MDA"]
[EventCategory "8"]
[SourceTitle "CBM 195 Extra"]
[Source "ChessBase"]
[SourceDate "2020.05.31"]
[SourceVersion "1"]
[SourceVersionDate "2020.05.31"]
[SourceQuality "1"]

1. e4 e5 2. Nf3 Nc6 3. d4 exd4 4. Bc4 Bc5 5. Ng5 Nh6 6. Nxf7 Nxf7 7. Bxf7+ Kxf7 8. Qh5+ Kf8 9. Qxc5+ d6 10. Qc4 Qe8 11. Qe2 d5 1/2-1/2

[Event "MDA-ch"]
[Site "Kishinev"]
[Date "2020.01.29"]
[Round "1"]
[White "Morozov, Nichita"]
[Black "Lashkin, Jegor"]
[Result "1/2-1/2"]
[WhiteElo "2388"]
[BlackElo "2368"]
[PlyCount "47"]
[EventDate "2020.01.29"]
[EventType "tourn"]
[EventRounds "9"]
[EventCountry "MDA"]
[EventCategory "8"]
[SourceTitle "CBM 195 Extra"]
[Source "ChessBase"]
[SourceDate "2020.05.31"]
[SourceVersion "1"]
[SourceVersionDate "2020.05.31"]
[SourceQuality "1"]

1. d4 Nf6 2. Bf4 d5 3. Nf3 e6 4. e3 Bd6 5. Bg3 0-0 6. Nbd2 c5 7. dxc5 Bxc5 8. Bd3 Nc6 9. 0-0 Be7 10. c4 Nh5 11. Qb1 Nxg3 12. hxg3 g6 13. Rd1 Qb6 14. a3 a5 15. Qc2 Rd8 16. Rac1 Bf6 17. b3 Qc5 18. Qa2 Qf8 19. cxd5 exd5 20. Bb5 Na7 21. Be2 Nc6 22. Bb5 Na7 23. Be2 Nc6 24. Bb5 1/2-1/2

[Event "Montebelluna Cup 3rd"]
[Site "Montebelluna"]
[Date "2019.12.29"]
[Round "6"]
[White "Martinez Alcantara, Jose Eduardo"]
[Black "Morozov, Nichita"]
[Result "1-0"]
[WhiteElo "2592"]
[BlackElo "2385"]
[PlyCount "75"]
[EventDate "2019.12.27"]
[EventType "swiss"]
[EventRounds "9"]
[EventCountry "ITA"]
[SourceTitle "CBM 194 Extra"]
[Source "ChessBase"]
[SourceDate "2020.03.31"]
[SourceVersion "1"]
[SourceVersionDate "2020.03.31"]
[SourceQuality "1"]

1. e4 e5 2. Nf3 Nc6 3. Bb5 a6 4. Ba4 d6 5. 0-0 Bd7 6. c3 Nf6 7. Re1 g6 8. d4 Bg7 9. Nbd2 0-0 10. h3 Re8 11. Bb3 h6 12. a3 Nh5 13. Nf1 exd4 14. cxd4 Qf6 15. e5 dxe5 16. dxe5 Qe7 17. g4 Rad8 18. gxh5 Bxh3 19. hxg6 Rxd1 20. gxf7+ Kf8 21. fxe8Q+ Qxe8 22. Bxd1 Qg6+ 23. Ng3 Be6 24. Bd2 Kg8 25. Rc1 Bf8 26. Rc3 Be7 27. Bc2 Qg7 28. Bb3 Bxb3 29. Rxb3 h5 30. Re4 Nd8 31. Nd4 Qg6 32. Ndf5 Bf8 33. e6 Nxe6 34. Rxb7 Nc5 35. Rb8 Kf7 36. Rxf8+ Kxf8 37. Bb4 Qc6 38. Re5 1-0

[Event "Montebelluna Cup 3rd"]
[Site "Montebelluna"]
[Date "2019.12.27"]
[Round "2"]
[White "Barseghyan, Harutyun"]
[Black "Morozov, Nichita"]
[Result "1/2-1/2"]
[WhiteElo "2498"]
[BlackElo "2385"]
[PlyCount "115"]
[EventDate "2019.12.27"]
[EventType "swiss"]
[EventRounds "9"]
[EventCountry "ITA"]
[SourceTitle "CBM 194 Extra"]
[Source "ChessBase"]
[SourceDate "2020.03.31"]
[SourceVersion "1"]
[SourceVersionDate "2020.03.31"]
[SourceQuality "1"]

1. d4 d5 2. Nf3 Nf6 3. Bf4 c6 4. e3 Bg4 5. c4 Bxf3 6. gxf3 e6 7. Qb3 Qa5+ 8. Nc3 Bb4 9. a3 Bxc3+ 10. Qxc3 Qxc3+ 11. bxc3 Nh5 12. Bd6 Kd7 13. c5 Nf6 14. Kd2 Ne8 15. Bg3 Nc7 16. Bd3 Kc8 17. e4 b6 18. Bd6 Ne8 19. e5 Nxd6 20. cxd6 Kb7 21. f4 g6 22. h4 h5 23. a4 Rc8 24. Rhc1 a5 25. Rab1 Na6 26. Rb2 Rab8 27. Rcb1 Ka7 28. Rg1 Rg8 29. Ke3 Rbd8 30. Rgb1 Rb8 31. Rg1 Rbd8 32. f3 Rde8 33. Rc1 Rc8 34. Bxa6 Kxa6 35. c4 dxc4 36. Rxc4 Kb7 37. Rc1 Ka7 38. Rbc2 Kb7 39. Rb2 Ka7 40. Rg2 Kb7 41. Kd3 Rgd8 42. Ke3 Rg8 43. Ke4 Ka6 44. Kd3 Kb7 45. Ke3 Rgd8 46. Rgc2 Rg8 47. Rb2 Ka6 48. Rbc2 Kb7 49. Rg2 Rb8 50. Rb2 Rgd8 51. Kd3 Rdc8 52. Ke3 Rg8 53. Rc5 Ra8 54. Kd3 Rgc8 55. Rc1 Rab8 56. Ke3 Rg8 57. Rbc2 Rbc8 58. Rg2 1/2-1/2

[Event "ROM-chT"]
[Site "Mamaia"]
[Date "2019.09.24"]
[Round "4.3"]
[White "Morozov, Nichita"]
[Black "Deac, Bogdan Daniel"]
[Result "1/2-1/2"]
[WhiteElo "2394"]
[BlackElo "2613"]
[PlyCount "61"]
[EventDate "2019.09.21"]
[EventType "team-tourn"]
[EventRounds "9"]
[EventCountry "ROU"]
[SourceTitle "EXT 2020"]
[Source "ChessBase"]
[SourceDate "2019.10.17"]
[SourceVersion "1"]
[SourceVersionDate "2019.10.17"]
[SourceQuality "1"]
[WhiteTeam "Techirghiol Victoria"]
[BlackTeam "Iasi Politehnica"]
[WhiteTeamCountry "ROU"]
[BlackTeamCountry "ROU"]

1. d4 Nf6 2. Bg5 d5 3. e3 c5 4. Bxf6 gxf6 5. dxc5 e6 6. c4 dxc4 7. Nd2 c3 8. bxc3 Bxc5 9. Qg4 Bf8 10. Ngf3 a6 11. Rd1 Qc7 12. Be2 Nd7 13. 0-0 Nc5 14. Ne4 Nxe4 15. Qxe4 Bg7 16. Nd4 0-0 17. Qh4 Qxc3 18. Bd3 f5 19. g4 Bxd4 20. exd4 Qxd4 21. Bxf5 Qg7 22. Bb1 e5 23. Rd3 f5 24. f4 e4 25. Rg3 fxg4 26. f5 Rxf5 27. Qd8+ Rf8 28. Qd5+ Kh8 29. Rxf8+ Qxf8 30. Qe5+ Qg7 31. Qe8+ 1/2-1/2

[Event "ROM-chT"]
[Site "Mamaia"]
[Date "2019.09.22"]
[Round "2.2"]
[White "Morozov, Nichita"]
[Black "Gavrilescu, David"]
[Result "1-0"]
[WhiteElo "2394"]
[BlackElo "2451"]
[PlyCount "67"]
[EventDate "2019.09.21"]
[EventType "team-tourn"]
[EventRounds "9"]
[EventCountry "ROU"]
[SourceTitle "EXT 2020"]
[Source "ChessBase"]
[SourceDate "2019.10.17"]
[SourceVersion "1"]
[SourceVersionDate "2019.10.17"]
[SourceQuality "1"]
[WhiteTeam "Techirghiol Victoria"]
[BlackTeam "Galati Acs Pro Logos"]
[WhiteTeamCountry "ROU"]
[BlackTeamCountry "ROU"]

1. d4 d5 2. c4 e6 3. Nc3 Bb4 4. cxd5 exd5 5. Bf4 c6 6. e3 Ne7 7. Bd3 Bf5 8. Nge2 Bxd3 9. Qxd3 Ng6 10. Bg3 0-0 11. 0-0 Nd7 12. f3 Re8 13. e4 Bxc3 14. Nxc3 dxe4 15. fxe4 Nc5 16. Qc4 Ne6 17. d5 cxd5 18. exd5 Rc8 19. Qg4 Nc5 20. d6 Qd7 21. Qd4 b6 22. Rad1 Rcd8 23. b4 Ne6 24. Qd5 Nef8 25. Nb5 Ne6 26. a4 Ngf8 27. Qb3 Rc8 28. Nc7 Nxc7 29. dxc7 Qe6 30. Qf3 f6 31. Rfe1 Qc4 32. Rxe8 Rxe8 33. Rd8 Qc1+ 34. Qf1 1-0

[Event "GRE-chT 47th"]
[Site "Patras"]
[Date "2019.07.03"]
[Round "3.4"]
[White "Morozov, Nichita"]
[Black "Pavlidis, Antonios"]
[Result "1/2-1/2"]
[WhiteElo "2372"]
[BlackElo "2549"]
[PlyCount "101"]
[EventDate "2019.07.02"]
[EventType "team-swiss"]
[EventRounds "7"]
[EventCountry "GRE"]
[SourceTitle "CBM 191 Extra"]
[Source "ChessBase"]
[SourceDate "2019.09.30"]
[SourceVersion "1"]
[SourceVersionDate "2019.09.30"]
[SourceQuality "1"]
[WhiteTeam "OFI"]
[BlackTeam "Kavalas"]
[WhiteTeamCountry "GRE"]
[BlackTeamCountry "GRE"]

1. d4 Nf6 2. c4 e6 3. Nc3 Bb4 4. Qc2 d6 5. Nf3 0-0 6. g3 Nc6 7. Bg2 e5 8. d5 Ne7 9. 0-0 a5 10. Bg5 Bxc3 11. Bxf6 Bb4 12. Ng5 Bf5 13. Qxf5 Nxf5 14. Bxd8 Raxd8 15. Be4 h6 16. Nh7 Kxh7 17. Bxf5+ g6 18. Bc2 f5 19. f3 Kg7 20. Kg2 Bc5 21. Ba4 h5 22. Rad1 Bd4 23. Rd3 h4 24. Rb3 b6 25. e3 Bc5 26. a3 Rh8 27. Rb1 Rh7 28. g4 h3+ 29. Kg3 Bxe3 30. Rxe3 f4+ 31. Kf2 fxe3+ 32. Kxe3 Kh6 33. Bc2 Kg5 34. a4 Rf8 35. Rg1 Rf4 36. Be4 Rh4 37. b3 Rh7 38. Rg3 Rh8 39. Rg1 Rh7 40. Rg3 Rf6 41. Rg1 Rh8 42. Rg3 Rf4 43. Rg1 Rhf8 44. Rg3 Rxe4+ 45. Kxe4 Rf4+ 46. Ke3 Kh4 47. g5 Rd4 48. Rg1 Rf4 49. Rg3 Rd4 50. Rg1 Rf4 51. Rg3 1/2-1/2

[Event "Marmaris Karya 7th"]
[Site "Marmaris"]
[Date "2019.05.25"]
[Round "8.1"]
[White "Morozov, Nichita"]
[Black "Eminov, Orkhan"]
[Result "1-0"]
[WhiteElo "2371"]
[BlackElo "2353"]
[PlyCount "67"]
[EventDate "2019.05.25"]
[EventType "schev"]
[EventRounds "10"]
[EventCountry "TUR"]
[SourceTitle "CBM 190 Extra"]
[Source "ChessBase"]
[SourceDate "2019.07.15"]
[SourceVersion "1"]
[SourceVersionDate "2019.07.15"]
[SourceQuality "1"]
[WhiteTeam "Blue Team"]
[BlackTeam "Yellow Team"]
[WhiteTeamCountry "TUR"]
[BlackTeamCountry "TUR"]

1. d4 Nf6 2. c4 g6 3. Nc3 Bg7 4. e4 d6 5. f4 0-0 6. Nf3 c5 7. d5 e6 8. Be2 exd5 9. cxd5 Bg4 10. 0-0 Bxf3 11. Bxf3 Nbd7 12. g4 a6 13. g5 Ne8 14. Kg2 Qa5 15. h4 Nc7 16. Ne2 Rfe8 17. f5 Be5 18. h5 Nb5 19. hxg6 hxg6 20. f6 Nd4 21. Bg4 Rad8 22. Rf2 Qb4 23. Bd2 Qc4 24. Nxd4 Qxd4 25. Bf3 Qxb2 26. Rb1 Qd4 27. Rxb7 Nxf6 28. gxf6 Bxf6 29. Qh1 Rb8 30. Rxf7 Kxf7 31. Qh7+ Bg7 32. Bg4+ Qxf2+ 33. Kxf2 Rb2 34. Be6+ 1-0

[Event "Marmaris Karya 7th"]
[Site "Marmaris"]
[Date "2019.05.25"]
[Round "7.2"]
[White "Tanriverdi, Enes"]
[Black "Morozov, Nichita"]
[Result "1-0"]
[WhiteElo "2348"]
[BlackElo "2371"]
[PlyCount "75"]
[EventDate "2019.05.25"]
[EventType "schev"]
[EventRounds "10"]
[EventCountry "TUR"]
[SourceTitle "CBM 190 Extra"]
[Source "ChessBase"]
[SourceDate "2019.07.15"]
[SourceVersion "1"]
[SourceVersionDate "2019.07.15"]
[SourceQuality "1"]
[WhiteTeam "Yellow Team"]
[BlackTeam "Blue Team"]
[WhiteTeamCountry "TUR"]
[BlackTeamCountry "TUR"]

1. d4 Nf6 2. Nf3 b6 3. g3 Bb7 4. Bg2 e6 5. c4 Be7 6. 0-0 0-0 7. Nc3 Ne4 8. Bd2 Nxd2 9. Nxd2 Bxg2 10. Kxg2 f5 11. e3 c6 12. a3 Bf6 13. b4 Na6 14. Qc2 Nc7 15. Rfd1 a6 16. Nb3 b5 17. Na5 Qe8 18. a4 Be7 19. c5 g5 20. e4 f4 21. f3 g4 22. fxg4 fxg3 23. hxg3 Qg6 24. Qe2 Rf7 25. Rf1 Raf8 26. Rxf7 Rxf7 27. Rf1 Rg7 28. axb5 axb5 29. Nb3 h5 30. d5 cxd5 31. exd5 Bf6 32. d6 Nd5 33. Nxd5 exd5 34. c6 dxc6 35. Qe6+ Kh7 36. Rxf6 Qc2+ 37. Rf2 Qxb3 38. d7 1-0

[Event "Chebanenko Memorial"]
[Site "Kishinev"]
[Date "2019.05.10"]
[Round "4"]
[White "Macovei, Andrei"]
[Black "Morozov, Nichita"]
[Result "1/2-1/2"]
[WhiteElo "2432"]
[BlackElo "2371"]
[PlyCount "66"]
[EventDate "2019.05.07"]
[EventType "tourn"]
[EventRounds "9"]
[EventCountry "MDA"]
[EventCategory "10"]
[SourceTitle "CBM 190 Extra"]
[Source "ChessBase"]
[SourceDate "2019.07.15"]
[SourceVersion "1"]
[SourceVersionDate "2019.07.15"]
[SourceQuality "1"]

1. e4 d6 2. d4 Nf6 3. Nc3 e5 4. Nf3 Nbd7 5. Bc4 Be7 6. a4 a5 7. 0-0 0-0 8. Re1 c6 9. h3 Nb6 10. Ba2 Nfd7 11. Be3 exd4 12. Nxd4 Nc5 13. Qh5 Nbxa4 14. Nxa4 Nxa4 15. Nf3 Nc5 16. Ng5 Bxg5 17. Bxg5 Qc7 18. Bf4 Nd7 19. Bg3 Nf6 20. Qh4 Be6 21. Bxe6 fxe6 22. e5 dxe5 23. Rxe5 Qd7 24. Qc4 Nd5 25. Qe2 Rf5 26. Rxe6 Raf8 27. Re4 Qd8 28. Qd2 Nf6 29. Qxd8 Rxd8 30. Re7 Rd2 31. Rxb7 Ne4 32. Re1 Nxg3 33. fxg3 h5 1/2-1/2

[Event "Chebanenko Memorial"]
[Site "Kishinev"]
[Date "2019.05.08"]
[Round "2"]
[White "Schitco, Ivan"]
[Black "Morozov, Nichita"]
[Result "1-0"]
[WhiteElo "2437"]
[BlackElo "2371"]
[PlyCount "103"]
[EventDate "2019.05.07"]
[EventType "tourn"]
[EventRounds "9"]
[EventCountry "MDA"]
[EventCategory "10"]
[SourceTitle "CBM 190 Extra"]
[Source "ChessBase"]
[SourceDate "2019.07.15"]
[SourceVersion "1"]
[SourceVersionDate "2019.07.15"]
[SourceQuality "1"]

1. d4 Nf6 2. c4 b6 3. Nc3 Bb7 4. Qc2 g6 5. Nf3 Bg7 6. e4 0-0 7. Be2 Nc6 8. d5 Nb4 9. Qb1 c6 10. 0-0 cxd5 11. cxd5 e6 12. dxe6 fxe6 13. Bg5 h6 14. Bh4 g5 15. Bg3 Nh5 16. Bd6 Nc6 17. g3 g4 18. Nh4 Qg5 19. Qc1 Rf7 20. Qxg5 hxg5 21. Ng2 Nd4 22. e5 Bf3 23. Bd3 Bc6 24. Be2 Bf8 25. Bxf8 Raxf8 26. Bxg4 Nf3+ 27. Bxf3 Bxf3 28. Rae1 Kh7 29. Ne4 Kg6 30. Re3 Ng7 31. Nd6 Re7 32. Nf4+ gxf4 33. Rxf3 Ne8 34. Nxe8 Rexe8 35. Rd1 Rf7 36. Rd4 Rc8 37. Rfxf4 Rxf4 38. Rxf4 Rc2 39. Rb4 Kf5 40. Rb5 Rc6 41. Kg2 a6 42. Rb3 Kxe5 43. Kf3 d5 44. Rc3 Rd6 45. Ke2 d4 46. Rc1 Kf5 47. Kd3 e5 48. Re1 Rd5 49. f4 exf4 50. Rf1 Kg4 51. Rxf4+ Kh3 52. Rxd4 1-0

[Event "Manisa Yunusemre"]
[Site "Manisa"]
[Date "2019.05.02"]
[Round "6.2"]
[White "Ozen, Bahadir"]
[Black "Morozov, Nichita"]
[Result "1/2-1/2"]
[WhiteElo "2328"]
[BlackElo "2398"]
[PlyCount "38"]
[EventDate "2019.04.29"]
[EventType "schev"]
[EventRounds "10"]
[EventCountry "TUR"]
[SourceTitle "CBM 190 Extra"]
[Source "ChessBase"]
[SourceDate "2019.07.15"]
[SourceVersion "1"]
[SourceVersionDate "2019.07.15"]
[SourceQuality "1"]
[WhiteTeam "Turkuaz"]
[BlackTeam "Blue Team"]
[WhiteTeamCountry "TUR"]
[BlackTeamCountry "TUR"]

1. Nf3 Nf6 2. c4 e6 3. e3 b6 4. b3 Bb7 5. Bb2 d5 6. d4 a6 7. Nbd2 Bd6 8. Bd3 Nbd7 9. 0-0 Ne4 10. Qc2 Ndf6 11. h3 h6 12. b4 Nxd2 13. Nxd2 dxc4 14. Nxc4 Nd5 15. a3 0-0 16. Bh7+ Kh8 17. Bd3 Kg8 18. Bh7+ Kh8 19. Bd3 Kg8 1/2-1/2

[Event "Manisa Yunusemre"]
[Site "Manisa"]
[Date "2019.04.29"]
[Round "1.2"]
[White "Morozov, Nichita"]
[Black "Ozen, Bahadir"]
[Result "1/2-1/2"]
[WhiteElo "2398"]
[BlackElo "2328"]
[PlyCount "61"]
[EventDate "2019.04.29"]
[EventType "schev"]
[EventRounds "10"]
[EventCountry "TUR"]
[SourceTitle "CBM 190 Extra"]
[Source "ChessBase"]
[SourceDate "2019.07.15"]
[SourceVersion "1"]
[SourceVersionDate "2019.07.15"]
[SourceQuality "1"]
[WhiteTeam "Blue Team"]
[BlackTeam "Turkuaz"]
[WhiteTeamCountry "TUR"]
[BlackTeamCountry "TUR"]

1. e4 e5 2. Nf3 Nc6 3. Bc4 Bc5 4. 0-0 Nf6 5. d3 d6 6. a4 a6 7. c3 h6 8. Nbd2 0-0 9. h3 Be6 10. Bxe6 fxe6 11. b4 Ba7 12. Nb3 Qd7 13. Bd2 b5 14. Re1 Rab8 15. axb5 axb5 16. Qe2 Nh5 17. d4 Bb6 18. Be3 Nf4 19. Qd1 Ng6 20. Nc5 Qf7 21. Nd3 Qf6 22. dxe5 Ngxe5 23. Nfxe5 Nxe5 24. Bxb6 Rxb6 25. Nxe5 Qxe5 26. Qd4 Rc6 27. Qxe5 dxe5 28. Re3 Rd8 29. Ra7 Rd1+ 30. Kh2 Rc1 31. Rb7 1/2-1/2

[Event "Marmaris Karya 6th"]
[Site "Marmaris"]
[Date "2019.04.24"]
[Round "2.5"]
[White "Morozov, Nichita"]
[Black "Kizilkus, Akin"]
[Result "1-0"]
[WhiteElo "2398"]
[BlackElo "2018"]
[PlyCount "131"]
[EventDate "2019.04.24"]
[EventType "schev"]
[EventRounds "10"]
[EventCountry "TUR"]
[SourceTitle "CBM 190 Extra"]
[Source "ChessBase"]
[SourceDate "2019.07.15"]
[SourceVersion "1"]
[SourceVersionDate "2019.07.15"]
[SourceQuality "1"]
[WhiteTeam "Red Team"]
[BlackTeam "Blue Team"]
[WhiteTeamCountry "TUR"]
[BlackTeamCountry "TUR"]

1. e4 e6 2. Qe2 c5 3. Nf3 Nc6 4. g3 g6 5. Bg2 Bg7 6. c3 d6 7. h4 Nf6 8. d3 0-0 9. h5 Nxh5 10. Bg5 f6 11. Bd2 e5 12. Na3 Be6 13. Rh4 d5 14. 0-0-0 dxe4 15. dxe4 Qe7 16. Rdh1 Bxa2 17. Rxh5 gxh5 18. Nh4 Na5 19. Nf5 Nb3+ 20. Kc2 Qd7 21. Be3 Rad8 22. Nb5 a6 23. Nbd6 Qa4 24. Qc4+ Qxc4 25. Nxc4 Na1+ 26. Rxa1 Bxc4 27. Bxc5 Bd3+ 28. Kb3 Rf7 29. Bf3 Bf8 30. Be3 Rc8 31. Rh1 Rd7 32. Rxh5 Bc4+ 33. Kc2 Bd3+ 34. Kb3 Bc4+ 35. Kc2 Bd3+ 36. Kc1 Rc4 37. Bg4 Rxe4 38. Nh6+ Bxh6 39. Be6+ Kh8 40. Rxh6 Re7 41. Bd5 Rxe3 42. fxe3 Kg7 43. Rh4 Rd7 44. e4 b6 45. Be6 Re7 46. Bf5 Kh8 47. Rh6 Rf7 48. Rh2 Bb5 49. Rd2 Rc7 50. Rd6 Kg7 51. Rxb6 Bf1 52. Kc2 h5 53. b3 a5 54. Rd6 Kf7 55. Rd8 Ra7 56. Rh8 Ra6 57. Rh7+ Kf8 58. Rxh5 a4 59. bxa4 Rxa4 60. Kb3 Ra5 61. c4 Ra1 62. Kb4 Rb1+ 63. Kc5 Rc1 64. Be6 Rc3 65. Bd5 Rxg3 66. Rf5 1-0

[Event "Lorca op 7th"]
[Site "Lorca"]
[Date "2018.12.27"]
[Round "2"]
[White "Morozov, Nichita"]
[Black "Bharath, Subramaniyam H"]
[Result "1-0"]
[WhiteElo "2439"]
[BlackElo "2234"]
[PlyCount "80"]
[EventDate "2018.12.26"]
[EventType "swiss"]
[EventRounds "9"]
[EventCountry "ESP"]
[SourceTitle "CBM 188 Extra"]
[Source "ChessBase"]
[SourceDate "2019.02.26"]
[SourceVersion "1"]
[SourceVersionDate "2019.02.26"]
[SourceQuality "1"]

1. d4 Nf6 2. c4 e6 3. Nf3 c5 4. d5 exd5 5. cxd5 d6 6. e4 g6 7. Bd3 Bg7 8. 0-0 0-0 9. h3 a6 10. a4 Nbd7 11. Na3 Rb8 12. Bf4 Ne8 13. Rb1 Qe7 14. Re1 f6 15. Bf1 Ne5 16. b4 cxb4 17. Rxb4 f5 18. Nxe5 dxe5 19. Bd2 Nd6 20. exf5 Bxf5 21. Rb6 Ne4 22. Bb4 Qd8 23. Nc4 Nxf2 24. Qf3 Be4 25. Qe3 Rf4 26. Bd6 Rc8 27. Rxb7 Rf5 28. Nb6 Ra8 29. Bc5 Qh4 30. Be7 g5 31. Re2 Nh1 32. Nxa8 Bxd5 33. Rb4 e4 34. Re1 Nf2 35. Bc4 Nxh3+ 36. gxh3 Bxc4 37. Rxc4 Rf3 38. Qxf3 Qxe1+ 39. Qf1 Qg3+ 40. Kh1 Be5 1-0

[Event "ROM-chT"]
[Site "Sovata"]
[Date "2018.12.01"]
[Round "8.2"]
[White "Morozov, Nichita"]
[Black "Manea, Alexandru"]
[Result "1/2-1/2"]
[WhiteElo "2439"]
[BlackElo "2347"]
[PlyCount "52"]
[EventDate "2018.11.24"]
[EventType "team-tourn"]
[EventRounds "9"]
[EventCountry "ROU"]
[SourceTitle "CBM 187 Extra"]
[Source "ChessBase"]
[SourceDate "2018.11.04"]
[SourceVersion "1"]
[SourceVersionDate "2018.11.04"]
[SourceQuality "1"]
[WhiteTeam "Techirghiol Victoria"]
[BlackTeam "Ploiesti Universitar"]
[WhiteTeamCountry "ROU"]
[BlackTeamCountry "ROU"]

1. d4 d5 2. Nf3 Nf6 3. g3 c6 4. Bg2 Bf5 5. 0-0 Nbd7 6. b3 e6 7. Bb2 Bd6 8. Nbd2 h6 9. c4 0-0 10. Ne5 Qe7 11. a3 Rac8 12. b4 Bb8 13. Nd3 e5 14. cxd5 cxd5 15. dxe5 Nxe5 16. Nxe5 Bxe5 17. Bxe5 Qxe5 18. Nf3 Qb2 19. Nd4 Bd7 20. e3 Rc3 21. Qe2 Qxe2 22. Nxe2 Rc2 23. Nf4 Be6 24. Rad1 Rc3 25. Nxd5 Nxd5 26. Bxd5 Rxa3 1/2-1/2